Access to Neighbouring Land Act 1992 (Record no. 103794)

MARC details
000 -LEADER
fixed length control field 01528cam a2200337 4500
008 - FIXED-LENGTH DATA ELEMENTS--GENERAL INFORMATION
fixed length control field 040922n2004 000 0 eng u
020 ## - INTERNATIONAL STANDARD BOOK NUMBER
International Standard Book Number 1904388248
035 ## - SYSTEM CONTROL NUMBER
System control number (Sirsi) u127482
041 ## - LANGUAGE CODE
Language code of text/sound track or separate title eng
050 ## - LIBRARY OF CONGRESS CALL NUMBER
Classification number 346.410435
-- 18
100 ## - MAIN ENTRY--PERSONAL NAME
Personal name Anstey, John
245 ## - TITLE STATEMENT
Title Access to Neighbouring Land Act 1992
Remainder of title a CPD study pack
250 ## - EDITION STATEMENT
Edition statement 3rd ed.
260 ## - PUBLICATION, DISTRIBUTION, ETC.
Place of publication, distribution, etc. Reading
Name of publisher, distributor, etc. College of Estate Management
Date of publication, distribution, etc. 2004
300 ## - PHYSICAL DESCRIPTION
Extent 26p.
Dimensions 30cm. + 1 audio cassette (ca. 60 min.)
350 ## - PRICE (NR) (BK AM CF MU VM SE) [OBSOLETE]
Price 44
490 ## - SERIES STATEMENT
Series statement College of Estate Management CPD Study Pack
520 ## - SUMMARY, ETC.
Summary, etc. The third edition of this CPD study pack explains the effects of the Access to Neighbouring Land Act 1992 and the Civil Procedure Rules that govern the operation of the Act. After outlining the key sections of the Act and information about the Civil Procedure Rules, the study paper briefly looks at access agreements, the role of surveyors, envoi, and the case "Dean v Walker" ([1996] EWCA 380 CA). Further reading.
520 ## - SUMMARY, ETC.
Summary, etc. Accompanied by an Owlion audio tape "Access to Neighbouring Land Act 1992" (E1354) which is available to borrow separately.
520 ## - SUMMARY, ETC.
Summary, etc. Supersedes second edition (ISBN 1899769935).
650 ## - SUBJECT ADDED ENTRY--TOPICAL TERM
Topical term or geographic name entry element Boundary disputes
9 (RLIN) 6221
650 ## - SUBJECT ADDED ENTRY--TOPICAL TERM
Topical term or geographic name entry element ACCESS ORDERS
650 ## - SUBJECT ADDED ENTRY--TOPICAL TERM
Topical term or geographic name entry element ACCESS TO NEIGHBOURING LAND ACT 1992
650 ## - SUBJECT ADDED ENTRY--TOPICAL TERM
Topical term or geographic name entry element DEAN V WALKER
650 ## - SUBJECT ADDED ENTRY--TOPICAL TERM
Topical term or geographic name entry element CIVIL PROCEDURE RULES 1998
690 ## - LOCAL SUBJECT ADDED ENTRY--TOPICAL TERM (OCLC, RLIN)
Topical term or geographic name as entry element Boundary disputes
9 (RLIN) 6221
700 ## - ADDED ENTRY--PERSONAL NAME
Personal name North, Graham
710 ## - ADDED ENTRY--CORPORATE NAME
Corporate name or jurisdiction name as entry element College of Estate Management
9 (RLIN) 400
942 ## - ADDED ENTRY ELEMENTS (KOHA)
Suppress in OPAC 0
Holdings
Withdrawn status Lost status Source of classification or shelving scheme Damaged status Not for loan Home library Current library Shelving location Date acquired Cost, normal purchase price Total Checkouts Full call number Barcode Date last seen Date last checked out Copy number Cost, replacement price Price effective from Koha item type
    Other/Generic Classification Scheme     London London Enquiry desk 14/10/2004 37.40 28 BASEMENT 6 30069513 06/08/2019 10/11/2009 1 37.40 06/08/2019 Audio
  Missing       London London Missing 14/10/2004 37.40 31 BASEMENT 6 30069576 06/08/2019 27/01/2010 4 37.40 06/08/2019 Audio